Carpentry in residential construction

Bibliographic Details
Main Author: Badzinski, Stanley (Author)
Format: Book
Published: Englewood Cliffs, NJ : Prentice-Hall , c1981
Edition:2nd ed.
Subjects:

MARC

LEADER 00000cam a2200000 7i4500
001 0000000300
005 20070530093000.0
008 021118s1981
020 |a 0131152386 
090 0 0 |a TH5604   |b .B23 
100 0 |a Badzinski, Stanley ,   |e author 
245 0 0 |a Carpentry in residential construction   |c Stanley Badzinski 
250 |a 2nd ed. 
260 2 |a Englewood Cliffs, NJ :   |b Prentice-Hall ,   |c c1981 
300 |a 335 p. ; ;   |c 24 cm. 
504 |a Includes bibliography (p. 325) and index 
650 0 |a Building, Wooden 
650 0 |a Carpentry 
650 0 |a House construction 
999 |a 1000035619   |b Book   |c OPEN SHELF (30 DAYS)   |e Gong Badak Campus